000 00349pab a2200157 454500
008 180718b2001 xxu||||| |||| 00| 0 eng d
100 _aDebroy, Bibek
245 _aThe millennium budget
260 _c2001
300 _ap.7-9
362 _aApr
650 _aBudget - India - 2001-2002
650 _aBudget
773 _aYojana
909 _a48247
999 _c48247
_d48247